000
00206nam a2200097Ia 4500
008
120527s9999 xx 000 0 und d
100
_a
KIINGRAY,Margret.
245
_a
Choices.
260
_b
BRF
942
_c
BK
999
_c
23758
_d
23758